[Event "CAN-op U2000 (Pinnacle 48th CAN Op Ch)"]
[Site "Toronto CAN"]
[Date "2011.07.11"]
[Round "3"]
[White "Yang, Bryant"]
[Black "Cooke, Matthew W"]
[Result "0-1"]
[WhiteElo "1618"]
[BlackElo "1799"]
[PlyCount "48"]
[GameId "2160767909703682"]
[EventDate "2011.07.09"]
[EventType "swiss"]
[EventRounds "9"]
[EventCountry "CAN"]
[SourceTitle "EXT 2022"]
[Source "ChessBase"]
[SourceDate "2021.10.06"]
[SourceVersion "1"]
[SourceVersionDate "2021.10.06"]
[SourceQuality "1"]

1. e4 g6 2. d4 Bg7 3. Nc3 c5 4. Nf3 cxd4 5. Nxd4 a6 6. Be3 Nc6 7. Qd2 Nf6 8. f3 d5 9. exd5 Nxd5 10. Nxc6 bxc6 11. O-O-O Bxc3 12. bxc3 Qa5 13. Qd4 f6 14. Bc4 e5 15. Qh4 Qa3+ 16. Kb1 Rb8+ 17. Bb3 Nxc3+ 18. Ka1 Rxb3 19. Rd8+ Kf7 20. Qc4+ Kg7 21. Qxb3 Qxb3 22. axb3 Rxd8 23. Bb6 Rd2 24. Kb2 Nd5 0-1

[Event "CAN-op U2000 (Pinnacle 48th CAN Op Ch)"]
[Site "Toronto CAN"]
[Date "2011.07.11"]
[Round "3"]
[White "Zator, Ed"]
[Black "Armstrong, Robert J"]
[Result "1-0"]
[WhiteElo "1902"]
[BlackElo "1740"]
[PlyCount "53"]
[GameId "2160767909703683"]
[EventDate "2011.07.09"]
[EventType "swiss"]
[EventRounds "9"]
[EventCountry "CAN"]
[SourceTitle "EXT 2022"]
[Source "ChessBase"]
[SourceDate "2021.10.06"]
[SourceVersion "1"]
[SourceVersionDate "2021.10.06"]
[SourceQuality "1"]

1. e4 g6 2. d4 Bg7 3. Nc3 d6 4. Be3 Nf6 5. f3 O-O 6. Qd2 c6 7. Bh6 b5 8. O-O-O b4 9. Nce2 a5 10. Bxg7 Kxg7 11. g4 Na6 12. h4 c5 13. h5 Ng8 14. Ng3 Qc7 15. Bc4 e6 16. hxg6 fxg6 17. g5 d5 18. Qh2 Kh8 19. exd5 exd5 20. Bxd5 Qf4+ 21. Kb1 Ra7 22. Nh3 Bxh3 23. Qxh3 cxd4 24. Ne4 Qxf3 25. Qe6 Qf5 26. Qb6 Rc7 27. Qxd4+ 1-0

[Event "CAN-op U2000 (Pinnacle 48th CAN Op Ch)"]
[Site "Toronto CAN"]
[Date "2011.07.12"]
[Round "4"]
[White "Allen, Ted"]
[Black "Maister, Martin"]
[Result "0-1"]
[WhiteElo "1564"]
[BlackElo "1733"]
[PlyCount "128"]
[GameId "2160767909703684"]
[EventDate "2011.07.09"]
[EventType "swiss"]
[EventRounds "9"]
[EventCountry "CAN"]
[SourceTitle "EXT 2022"]
[Source "ChessBase"]
[SourceDate "2021.10.06"]
[SourceVersion "1"]
[SourceVersionDate "2021.10.06"]
[SourceQuality "1"]

1. e4 c5 2. Nf3 d6 3. Bc4 Nc6 4. Nc3 g6 5. Ng5 e6 6. d3 Bg7 7. Bf4 Qf6 8. Qf3 Nd4 9. Qd1 b5 10. Bb3 Ne7 11. O-O O-O 12. Re1 Nec6 13. a3 Nxb3 14. cxb3 Qe7 15. Nf3 Bb7 16. Qd2 Rfd8 17. Bg5 f6 18. Bh4 Qf7 19. Nd1 Ne5 20. Ne3 Nxf3+ 21. gxf3 Rd7 22. Ng4 g5 23. Bg3 h5 24. h4 hxg4 25. fxg4 gxh4 26. Bxh4 Qg6 27. f3 Bh6 28. Qh2 Bg5 29. Bf2 Rf8 30. Kf1 Rff7 31. Ke2 Rh7 32. Qg2 Bh4 33. Rf1 Bxf2 34. Rxf2 d5 35. Raf1 e5 36. Ke1 dxe4 37. dxe4 Rd4 38. Re2 Rhd7 39. Rh1 Rd1+ 40. Kf2 Rxh1 41. Qxh1 Qg5 42. Kg2 Rd4 43. Qe1 f5 44. Qg3 fxg4 45. Qxg4 Qxg4+ 46. fxg4 Rxe4 47. Rxe4 Bxe4+ 48. Kg3 a5 49. g5 Kg7 50. Kg4 Kg6 51. Kh4 Bf3 52. Kg3 Bd1 53. Kf2 Bxb3 54. Ke3 Kxg5 55. Ke4 Kf6 56. Kd3 Kf5 57. Ke3 e4 58. Kd2 Kf4 59. Kc3 a4 60. Kd2 e3+ 61. Ke1 Kf3 62. Kf1 e2+ 63. Ke1 Bf7 64. Kd2 Kf2 0-1

[Event "CAN-op U2000 (Pinnacle 48th CAN Op Ch)"]
[Site "Toronto CAN"]
[Date "2011.07.12"]
[Round "4"]
[White "Beal, Greg"]
[Black "Nasir, Zehn"]
[Result "0-1"]
[WhiteElo "1777"]
[BlackElo "1686"]
[PlyCount "58"]
[GameId "2160767909703687"]
[EventDate "2011.07.09"]
[EventType "swiss"]
[EventRounds "9"]
[EventCountry "CAN"]
[SourceTitle "EXT 2022"]
[Source "ChessBase"]
[SourceDate "2021.10.06"]
[SourceVersion "1"]
[SourceVersionDate "2021.10.06"]
[SourceQuality "1"]

1. e4 d5 2. exd5 Qxd5 3. Nc3 Qd6 4. d4 Nf6 5. Nf3 c6 6. h3 Bf5 7. g4 Bg6 8. Ne5 Nbd7 9. Nxg6 hxg6 10. Bg2 e6 11. Be3 Qc7 12. Qd3 Bb4 13. O-O-O Nb6 14. Ne2 O-O-O 15. Bf4 Bd6 16. Bg5 Nbd5 17. Kb1 Nf4 18. Qf3 Nxg2 19. Qxg2 Rd7 20. c4 Be7 21. Be3 Rhd8 22. Nc3 Bb4 23. Ne4 Nxe4 24. Qxe4 Bc5 25. Bf4 Qb6 26. dxc5 Rxd1+ 27. Rxd1 Rxd1+ 28. Kc2 Qd8 29. Qe5 Qd3# 0-1

[Event "CAN-op U2000 (Pinnacle 48th CAN Op Ch)"]
[Site "Toronto CAN"]
[Date "2011.07.12"]
[Round "4"]
[White "Bergeron, Florian"]
[Black "Orenbach, Jonathan"]
[Result "1-0"]
[WhiteElo "1728"]
[BlackElo "1376"]
[PlyCount "55"]
[GameId "2160767909703688"]
[EventDate "2011.07.09"]
[EventType "swiss"]
[EventRounds "9"]
[EventCountry "CAN"]
[SourceTitle "EXT 2022"]
[Source "ChessBase"]
[SourceDate "2021.10.06"]
[SourceVersion "1"]
[SourceVersionDate "2021.10.06"]
[SourceQuality "1"]

1. d4 d5 2. c4 e6 3. Nf3 Nf6 4. Nc3 c6 5. e3 g6 6. Bd3 Bg7 7. O-O O-O 8. Qe2 Nbd7 9. b3 Re8 10. Bb2 e5 11. dxe5 Nxe5 12. Nxe5 Rxe5 13. cxd5 Nxd5 14. Nxd5 Rxd5 15. Bxg7 Kxg7 16. Bc4 Rd6 17. Rad1 Be6 18. Bxe6 fxe6 19. Rxd6 Qxd6 20. Rd1 Qc5 21. Rd7+ Kg8 22. h3 Rb8 23. Qd2 Qf8 24. Qd4 c5 25. Qe5 Rd8 26. Qxe6+ Kh8 27. Qe5+ Kg8 28. Qd5+ 1-0

[Event "CAN-op U2000 (Pinnacle 48th CAN Op Ch)"]
[Site "Toronto CAN"]
[Date "2011.07.12"]
[Round "4"]
[White "Crnilovic, Grisha"]
[Black "Yu, Patrick"]
[Result "1-0"]
[WhiteElo "1618"]
[BlackElo "1735"]
[PlyCount "41"]
[GameId "2160767909703691"]
[EventDate "2011.07.09"]
[EventType "swiss"]
[EventRounds "9"]
[EventCountry "CAN"]
[SourceTitle "EXT 2022"]
[Source "ChessBase"]
[SourceDate "2021.10.06"]
[SourceVersion "1"]
[SourceVersionDate "2021.10.06"]
[SourceQuality "1"]

1. e4 c5 2. Nf3 d6 3. d4 cxd4 4. Nxd4 Nf6 5. Nc3 a6 6. Bg5 e6 7. f4 Be7 8. Qd2 Nbd7 9. O-O-O Qc7 10. Be2 O-O 11. Bf3 Rb8 12. g4 Nc5 13. h4 b5 14. e5 dxe5 15. fxe5 Nd5 16. Nxd5 Bxg5 17. hxg5 exd5 18. Rxh7 Kxh7 19. Qh2+ Kg8 20. Rh1 f6 21. g6 1-0

[Event "CAN-op U2000 (Pinnacle 48th CAN Op Ch)"]
[Site "Toronto CAN"]
[Date "2011.07.12"]
[Round "4"]
[White "Leblanc, Paul"]
[Black "Doknjas, John"]
[Result "0-1"]
[WhiteElo "1924"]
[BlackElo "1997"]
[PlyCount "62"]
[GameId "2160767909703692"]
[EventDate "2011.07.09"]
[EventType "swiss"]
[EventRounds "9"]
[EventCountry "CAN"]
[SourceTitle "EXT 2022"]
[Source "ChessBase"]
[SourceDate "2021.10.06"]
[SourceVersion "1"]
[SourceVersionDate "2021.10.06"]
[SourceQuality "1"]

1. d4 Nf6 2. c4 c5 3. d5 e6 4. Nc3 exd5 5. cxd5 d6 6. e4 g6 7. Nf3 Bg7 8. h3 O-O 9. Bd3 b5 10. O-O c4 11. Bc2 b4 12. Ne2 Re8 13. Ng3 Nbd7 14. Re1 Nc5 15. Nd4 Bb7 16. Bf4 Nxd5 17. exd5 Rxe1+ 18. Qxe1 Bxd4 19. Qxb4 Qf6 20. Qd2 c3 21. Bg5 cxd2 22. Bxf6 Bxf6 23. Rd1 Bxb2 24. Rxd2 Be5 25. Ne2 Ba6 26. f4 Bg7 27. Kf2 Re8 28. Ng3 h5 29. Kf3 h4 30. Nh1 Bc3 31. Rd1 Be2+ 0-1

[Event "CAN-op U2000 (Pinnacle 48th CAN Op Ch)"]
[Site "Toronto CAN"]
[Date "2011.07.12"]
[Round "4"]
[White "Liu, Jiaxin (Dora)"]
[Black "Jubenville, Mark"]
[Result "1/2-1/2"]
[WhiteElo "1398"]
[BlackElo "1790"]
[PlyCount "124"]
[GameId "2160767909703693"]
[EventDate "2011.07.09"]
[EventType "swiss"]
[EventRounds "9"]
[EventCountry "CAN"]

1. d4 d5 2. Nf3 Nf6 3. e3 e6 4. Be2 Bd6 5. b3 O-O 6. Bb2 Nbd7 7. Nbd2 c5 8. Ne5 a6 9. O-O cxd4 10. exd4 Qc7 11. f4 b6 12. Bd3 a5 13. Rf3 h6 14. Rh3 Ba6 15. g4 Bxd3 16. cxd3 Bxe5 17. fxe5 Nh7 18. Nf3 Rac8 19. Rc1 Qb7 20. Qd2 f6 21. Qe3 Ng5 22. Nxg5 fxg5 23. Rxc8 Qxc8 24. Qd2 Rf4 25. Rg3 Nf8 26. Qe2 Ng6 27. h3 Rf7 28. Qd1 Rc7 29. Rg2 Nf4 30. Rh2 Qa6 31. Qf1 Qxd3 32. Qxd3 Nxd3 33. Ba3 b5 34. Rd2 Nf4 35. Rh2 Rc3 36. h4 a4 37. hxg5 axb3 38. gxh6 bxa2 39. h7+ Kh8 40. Rxa2 Kxh7 41. Bc5 Nd3 42. Bb6 b4 43. Ba5 b3 44. Rh2+ Kg6 45. Bxc3 Kg5 46. Rg2 Kf4 47. Bb2 Kf3 48. Kf1 Nf4 49. Rf2+ Kxg4 50. Rd2 g5 51. Bc1 Kf3 52. Rf2+ Ke4 53. Bxf4 gxf4 54. Rd2 Ke3 55. Rd1 b2 56. Rb1 Kxd4 57. Rxb2 Kxe5 58. Re2+ Kf5 59. Rd2 Ke4 60. Re2+ Kf5 61. Rd2 Ke4 62. Ke2 Kf5 1/2-1/2

[Event "CAN-op U2000 (Pinnacle 48th CAN Op Ch)"]
[Site "Toronto CAN"]
[Date "2011.07.12"]
[Round "4"]
[White "Moran-Venegas, Mario"]
[Black "Zator, Ed"]
[Result "1-0"]
[WhiteElo "1864"]
[BlackElo "1902"]
[PlyCount "79"]
[GameId "2160767909703694"]
[EventDate "2011.07.09"]
[EventType "swiss"]
[EventRounds "9"]
[EventCountry "CAN"]
[SourceTitle "EXT 2022"]
[Source "ChessBase"]
[SourceDate "2021.10.06"]
[SourceVersion "1"]
[SourceVersionDate "2021.10.06"]
[SourceQuality "1"]

1. e4 c5 2. Nf3 d6 3. d4 cxd4 4. Nxd4 Nf6 5. Nc3 a6 6. Be2 e6 7. Be3 Be7 8. Qd2 b5 9. a3 Bb7 10. f3 Nc6 11. O-O Nxd4 12. Bxd4 O-O 13. Rad1 e5 14. Bf2 Qc7 15. Bd3 Rad8 16. Ne2 d5 17. exd5 Bxd5 18. Ng3 Be6 19. Qe2 Nd5 20. Nf5 Bf6 21. g3 g6 22. Ne3 Bg7 23. Nxd5 Bxd5 24. c3 f5 25. Bc2 Kh8 26. Rfe1 Qb7 27. Kg2 g5 28. Bc5 g4 29. Rxd5 gxf3+ 30. Qxf3 Rxd5 31. Kh3 Rf6 32. Be7 e4 33. Bxf6 Qd7 34. Bxg7+ Kxg7 35. Qf4 Rd2 36. Qg5+ Kf8 37. Qf6+ Ke8 38. Qh8+ Ke7 39. Qxh7+ Kd8 40. Qxd7+ 1-0

[Event "CAN-op U2000 (Pinnacle 48th CAN Op Ch)"]
[Site "Toronto CAN"]
[Date "2011.07.12"]
[Round "4"]
[White "Mourgelas, James"]
[Black "Sametova, Zhanna"]
[Result "0-1"]
[WhiteElo "1480"]
[BlackElo "1647"]
[PlyCount "42"]
[GameId "2160767909703695"]
[EventDate "2011.07.09"]
[EventType "swiss"]
[EventRounds "9"]
[EventCountry "CAN"]
[SourceTitle "EXT 2022"]
[Source "ChessBase"]
[SourceDate "2021.10.06"]
[SourceVersion "1"]
[SourceVersionDate "2021.10.06"]
[SourceQuality "1"]

1. e4 c5 2. Nf3 Nc6 3. d4 cxd4 4. Nxd4 g6 5. Be3 Nf6 6. Nc3 d6 7. f3 Bg7 8. Qd2 Nxd4 9. Bxd4 O-O 10. Be3 Re8 11. Bd3 a6 12. O-O-O Be6 13. a3 b5 14. g4 b4 15. axb4 a5 16. Nb1 axb4 17. Qxb4 Nd7 18. Qe1 Qb8 19. c3 Rc8 20. Bc2 Ra2 21. b4 Qxb4 0-1

[Event "CAN-op U2000 (Pinnacle 48th CAN Op Ch)"]
[Site "Toronto CAN"]
[Date "2011.07.12"]
[Round "4"]
[White "Muir, Tom"]
[Black "Dowling, Bruce"]
[Result "1-0"]
[WhiteElo "1571"]
[BlackElo "1847"]
[PlyCount "65"]
[GameId "2160767909703696"]
[EventDate "2011.07.09"]
[EventType "swiss"]
[EventRounds "9"]
[EventCountry "CAN"]
[SourceTitle "EXT 2022"]
[Source "ChessBase"]
[SourceDate "2021.10.06"]
[SourceVersion "1"]
[SourceVersionDate "2021.10.06"]
[SourceQuality "1"]

1. e4 e6 2. d4 d5 3. Nc3 dxe4 4. Nxe4 Bd7 5. Nf3 Bc6 6. Nc3 Nd7 7. Bb5 Bxb5 8. Nxb5 c6 9. Nc3 Qc7 10. O-O Ngf6 11. Qe2 Bd6 12. Ne4 Nxe4 13. Qxe4 Nf6 14. Qh4 O-O-O 15. c4 b6 16. Be3 c5 17. Rad1 h6 18. dxc5 bxc5 19. Nd2 g5 20. Qh3 Rdg8 21. g3 h5 22. Qg2 h4 23. Qf3 Ne8 24. Ne4 f5 25. Nxc5 Bxc5 26. Qa8+ Qb8 27. Rd8+ Kxd8 28. Qxb8+ Kd7 29. Bxc5 e5 30. Qxa7+ Nc7 31. Rd1+ Kc8 32. Bb6 Rh7 33. Bxc7 1-0

[Event "CAN-op U2000 (Pinnacle 48th CAN Op Ch)"]
[Site "Toronto CAN"]
[Date "2011.07.12"]
[Round "4"]
[White "Nickoloff, Steve"]
[Black "Perez, Michael"]
[Result "1/2-1/2"]
[WhiteElo "1872"]
[BlackElo "1728"]
[PlyCount "62"]
[GameId "2160767909703697"]
[EventDate "2011.07.09"]
[EventType "swiss"]
[EventRounds "9"]
[EventCountry "CAN"]
[SourceTitle "EXT 2022"]
[Source "ChessBase"]
[SourceDate "2021.10.06"]
[SourceVersion "1"]
[SourceVersionDate "2021.10.06"]
[SourceQuality "1"]

1. e4 c5 2. Nf3 d6 3. c3 Nf6 4. Bb5+ Bd7 5. Bxd7+ Nbxd7 6. Qe2 Qc7 7. O-O g6 8. d4 cxd4 9. cxd4 Bg7 10. Nc3 O-O 11. h3 a6 12. a4 Rfe8 13. Be3 Rac8 14. Nd2 Nb6 15. f4 Nc4 16. Nxc4 Qxc4 17. Qf3 Qb3 18. Rf2 Rc4 19. e5 Nd7 20. Ra3 Qb4 21. Nd5 Qe1+ 22. Rf1 Qa5 23. b4 Qd8 24. Rc1 Rxc1+ 25. Bxc1 e6 26. Ne3 Qc7 27. Bb2 d5 28. Rc3 Qd6 29. Nc2 Bf8 30. Ba3 f6 31. Kh1 a5 1/2-1/2

[Event "CAN-op U2000 (Pinnacle 48th CAN Op Ch)"]
[Site "Toronto CAN"]
[Date "2011.07.12"]
[Round "4"]
[White "O'Bumsawin, Nicholas"]
[Black "Hunnersen, Mike"]
[Result "1-0"]
[WhiteElo "1831"]
[BlackElo "1711"]
[PlyCount "79"]
[GameId "2160767909703698"]
[EventDate "2011.07.09"]
[EventType "swiss"]
[EventRounds "9"]
[EventCountry "CAN"]
[SourceTitle "EXT 2022"]
[Source "ChessBase"]
[SourceDate "2021.10.06"]
[SourceVersion "1"]
[SourceVersionDate "2021.10.06"]
[SourceQuality "1"]

1. e4 g6 2. d4 Bg7 3. Nc3 c5 4. Nf3 cxd4 5. Nxd4 Nc6 6. Be3 d6 7. Qd2 Bd7 8. f3 h5 9. Bc4 Nf6 10. O-O-O a6 11. Rhe1 Na5 12. Bb3 b5 13. Bg5 Qc7 14. Bxf6 exf6 15. Nd5 Qd8 16. Kb1 Nxb3 17. cxb3 O-O 18. Qf4 Be6 19. Nc6 g5 20. Nxd8 gxf4 21. Nxe6 fxe6 22. Nxf4 f5 23. Nxe6 fxe4 24. Nxf8 Rxf8 25. Rxe4 Rf6 26. Re7 Rg6 27. Rd2 Be5 28. Rc2 Bg7 29. g3 Kh7 30. Rcc7 Kh6 31. Rxg7 Rxg7 32. Rxg7 Kxg7 33. Kc2 Kf6 34. Kd3 Ke5 35. h4 a5 36. g4 Kf6 37. Kd4 Ke6 38. g5 a4 39. bxa4 bxa4 40. b4 1-0

[Event "CAN-op U2000 (Pinnacle 48th CAN Op Ch)"]
[Site "Toronto CAN"]
[Date "2011.07.12"]
[Round "4"]
[White "Ortiz, Hugo"]
[Black "Todd, Adie"]
[Result "1/2-1/2"]
[WhiteElo "1619"]
[BlackElo "1665"]
[PlyCount "51"]
[GameId "2160767909703699"]
[EventDate "2011.07.09"]
[EventType "swiss"]
[EventRounds "9"]
[EventCountry "CAN"]
[SourceTitle "EXT 2022"]
[Source "ChessBase"]
[SourceDate "2021.10.06"]
[SourceVersion "1"]
[SourceVersionDate "2021.10.06"]
[SourceQuality "1"]

1. d4 d5 2. Nf3 Nf6 3. e3 e6 4. Bd3 c5 5. b3 Nbd7 6. Nbd2 Be7 7. O-O O-O 8. Bb2 b6 9. Ne5 Bb7 10. f4 a5 11. a4 Ba6 12. c4 Qc7 13. Rc1 Nb8 14. Qc2 h6 15. f5 Nc6 16. Nxc6 Qxc6 17. fxe6 Qxe6 18. Rce1 Bb7 19. Bf5 Qd6 20. Re2 Bc8 21. Bxc8 Raxc8 22. dxc5 Qxc5 23. Bd4 Qc6 24. Qf5 Rb8 25. e4 dxe4 26. Nxe4 1/2-1/2

[Event "CAN-op U2000 (Pinnacle 48th CAN Op Ch)"]
[Site "Toronto CAN"]
[Date "2011.07.12"]
[Round "4"]
[White "Palmer, Jordan"]
[Black "Stavropoulos, Greg"]
[Result "0-1"]
[WhiteElo "1947"]
[BlackElo "1872"]
[PlyCount "61"]
[GameId "2160767909703700"]
[EventDate "2011.07.09"]
[EventType "swiss"]
[EventRounds "9"]
[EventCountry "CAN"]
[SourceTitle "EXT 2022"]
[Source "ChessBase"]
[SourceDate "2021.10.06"]
[SourceVersion "1"]
[SourceVersionDate "2021.10.06"]
[SourceQuality "1"]

1. e4 c5 2. Nf3 e6 3. d4 cxd4 4. Nxd4 a6 5. Bd3 Nf6 6. O-O d6 7. Nc3 Be7 8. Be3 Qc7 9. Qe2 b5 10. a3 Bb7 11. Rad1 Nbd7 12. Nb3 Rc8 13. f4 h5 14. h3 h4 15. f5 e5 16. Qd2 Nc5 17. Nxc5 dxc5 18. Bg5 b4 19. Nd5 Bxd5 20. exd5 c4 21. Bxf6 Bxf6 22. Be4 c3 23. bxc3 bxc3 24. Qe3 Qd6 25. a4 O-O 26. Bf3 Rc4 27. Be2 Rxa4 28. Qxc3 e4 29. Qe3 Bd8 30. Kh1 Bc7 31. Kg1 0-1

[Event "CAN-op U2000 (Pinnacle 48th CAN Op Ch)"]
[Site "Toronto CAN"]
[Date "2011.07.12"]
[Round "4"]
[White "Renteria, Manuela"]
[Black "Song, Eric"]
[Result "0-1"]
[WhiteElo "1922"]
[BlackElo "1488"]
[PlyCount "70"]
[GameId "2160767909703701"]
[EventDate "2011.07.09"]
[EventType "swiss"]
[EventRounds "9"]
[EventCountry "CAN"]
[SourceTitle "EXT 2022"]
[Source "ChessBase"]
[SourceDate "2021.10.06"]
[SourceVersion "1"]
[SourceVersionDate "2021.10.06"]
[SourceQuality "1"]

1. e4 e5 2. Nf3 Nc6 3. d4 exd4 4. Bc4 h6 5. O-O d6 6. Nxd4 Be7 7. Nxc6 bxc6 8. Qe2 Nf6 9. Nc3 O-O 10. Bf4 Re8 11. h3 Bf8 12. Qf3 Bb7 13. Rad1 Qc8 14. Rfe1 a6 15. e5 c5 16. Qg3 Nh5 17. Qg6 d5 18. Qxh5 dxc4 19. Qh4 Qf5 20. Bc1 Rxe5 21. Rxe5 Qxe5 22. Qxc4 Bd6 23. g3 Re8 24. Bf4 Qf5 25. Qf1 Bxf4 26. gxf4 Qxf4 27. Nd5 Qf3 28. Qd3 Bxd5 29. Qxd5 Re1+ 30. Rxe1 Qxd5 31. b3 Qd2 32. Re8+ Kh7 33. Ra8 Qd1+ 34. Kh2 Qxc2 35. Rxa6 Qxf2+ 0-1

[Event "CAN-op U2000 (Pinnacle 48th CAN Op Ch)"]
[Site "Toronto CAN"]
[Date "2011.07.12"]
[Round "4"]
[White "Shafkat, Ali"]
[Black "Tonakanian, Stephan"]
[Result "0-1"]
[WhiteElo "1823"]
[BlackElo "1974"]
[PlyCount "52"]
[GameId "2160767909703702"]
[EventDate "2011.07.09"]
[EventType "swiss"]
[EventRounds "9"]
[EventCountry "CAN"]
[SourceTitle "EXT 2022"]
[Source "ChessBase"]
[SourceDate "2021.10.06"]
[SourceVersion "1"]
[SourceVersionDate "2021.10.06"]
[SourceQuality "1"]

1. e4 e6 2. d4 d5 3. e5 c5 4. c3 Nc6 5. Nf3 Be7 6. Be2 Bd7 7. O-O Qc7 8. Re1 h6 9. Be3 g5 10. dxc5 g4 11. Nd4 Nxe5 12. Nb5 Bxb5 13. Bxb5+ Nc6 14. Bd4 Bf6 15. Bxf6 Nxf6 16. Qd4 Ke7 17. Qe3 h5 18. Na3 h4 19. Rad1 Rag8 20. Bd3 a6 21. Bf5 Kf8 22. Bxe6 fxe6 23. Qxe6 Qf7 24. Qd6+ Kg7 25. Nc2 Ne4 26. Qxd5 Qxf2+ 0-1

[Event "CAN-op U2000 (Pinnacle 48th CAN Op Ch)"]
[Site "Toronto CAN"]
[Date "2011.07.12"]
[Round "4"]
[White "Siddeley, Hugh"]
[Black "Strugach, Alexander"]
[Result "1-0"]
[WhiteElo "1996"]
[BlackElo "1963"]
[PlyCount "105"]
[GameId "2160767909703703"]
[EventDate "2011.07.09"]
[EventType "swiss"]
[EventRounds "9"]
[EventCountry "CAN"]

1. e4 e5 2. Nf3 Nf6 3. d4 exd4 4. e5 Nd5 5. Qxd4 Nb6 6. Qe4 Be7 7. Bd3 d5 8. exd6 Qxd6 9. O-O f5 10. Qe2 O-O 11. Nc3 c6 12. Rd1 Qc7 13. a4 a5 14. Bc4+ Kh8 15. Bb3 Bf6 16. Ng5 Bxg5 17. Bxg5 Na6 18. Be7 Re8 19. Bd6 Qd7 20. Qh5 g6 21. Qg5 Qg7 22. Re1 Bd7 23. Qg3 c5 24. Be5 Rxe5 25. Qxe5 Qxe5 26. Rxe5 c4 27. Ba2 Nb4 28. Rd1 Bxa4 29. Nxa4 Nxa4 30. Bb1 Nxb2 31. Rd7 Nc6 32. Re1 b5 33. Rc7 Nd4 34. c3 Nb3 35. Ree7 Na4 36. Rxh7+ Kg8 37. Rhg7+ Kh8 38. Rxg6 Re8 39. h4 Nxc3 40. Bxf5 Nd5 41. Rh6+ Kg8 42. Bh7+ Kf8 43. Rb7 b4 44. Be4 Ne7 45. Bd5 Kg7 46. Re6 Kf8 47. Rf6+ Kg7 48. Rf7+ Kh8 49. Rfxe7 Rxe7 50. Rxe7 Nd2 51. Re2 b3 52. Rxd2 c3 53. Bxb3 1-0

[Event "CAN-op U2000 (Pinnacle 48th CAN Op Ch)"]
[Site "Toronto CAN"]
[Date "2011.07.12"]
[Round "4"]
[White "Triefeldt, Jack"]
[Black "Philip, Andrew"]
[Result "1/2-1/2"]
[WhiteElo "1714"]
[BlackElo "1596"]
[PlyCount "92"]
[GameId "2160767909703704"]
[EventDate "2011.07.09"]
[EventType "swiss"]
[EventRounds "9"]
[EventCountry "CAN"]
[SourceTitle "EXT 2022"]
[Source "ChessBase"]
[SourceDate "2021.10.06"]
[SourceVersion "1"]
[SourceVersionDate "2021.10.06"]
[SourceQuality "1"]

1. d4 Nf6 2. c4 Nc6 3. Nc3 e5 4. d5 Ne7 5. e4 Ng6 6. Nf3 Bc5 7. h3 d6 8. a3 a5 9. Bd3 O-O 10. O-O h6 11. Na4 Bd7 12. Nxc5 dxc5 13. Be3 Qe7 14. Qd2 b6 15. Qc3 Ne8 16. Bd2 a4 17. Rfe1 Nd6 18. Rac1 f6 19. Bc2 Qe8 20. Bd1 Qf7 21. Nh2 Qe7 22. Qg3 Nh8 23. Bxh6 Kh7 24. Bd2 Ndf7 25. f4 exf4 26. Bxf4 Ne5 27. Ng4 Nhf7 28. Rc3 Rh8 29. Nxe5 Nxe5 30. Bxe5 fxe5 31. Rf1 Raf8 32. Rcf3 Rxf3 33. Qxf3 Kg8 34. Qg3 Rh6 35. Bg4 Rg6 36. Qf3 Bxg4 37. hxg4 Qg5 38. Re1 Qxg4 39. Qxg4 Rxg4 40. Kf2 Kf7 41. g3 Ke7 42. Kf3 Rg6 43. Rh1 Rf6+ 44. Ke3 Rg6 45. Kf3 Rf6+ 46. Ke3 Rg6 1/2-1/2

[Event "CAN-op U2000 (Pinnacle 48th CAN Op Ch)"]
[Site "Toronto CAN"]
[Date "2011.07.12"]
[Round "4"]
[White "Verde, Pino"]
[Black "O'Sullivan, Patrick"]
[Result "1/2-1/2"]
[WhiteElo "1660"]
[BlackElo "1758"]
[PlyCount "118"]
[GameId "2160767909703705"]
[EventDate "2011.07.09"]
[EventType "swiss"]
[EventRounds "9"]
[EventCountry "CAN"]
[SourceTitle "EXT 2022"]
[Source "ChessBase"]
[SourceDate "2021.10.06"]
[SourceVersion "1"]
[SourceVersionDate "2021.10.06"]
[SourceQuality "1"]

1. e4 c6 2. d3 d5 3. Nd2 e5 4. Ngf3 Bd6 5. g3 Nf6 6. Bg2 Qc7 7. c3 Na6 8. b4 dxe4 9. dxe4 O-O 10. O-O Rd8 11. Qc2 Bg4 12. Nc4 Bxf3 13. Bxf3 Qe7 14. a3 Rac8 15. Ne3 Nc7 16. Rd1 Ne6 17. Nf5 Qf8 18. Be3 a6 19. Rd2 Bc7 20. Rad1 Rxd2 21. Rxd2 Rd8 22. h4 Rxd2 23. Qxd2 Qd8 24. Qxd8+ Nxd8 25. g4 Ne6 26. g5 Nd7 27. Be2 Bb6 28. Bxb6 Nxb6 29. Nd6 Nd8 30. c4 Kf8 31. c5 Na4 32. Bg4 a5 33. Bc8 axb4 34. axb4 b6 35. Nb7 Ke7 36. cxb6 Nxb7 37. Bxb7 Kd7 38. Ba6 Nxb6 39. Be2 Nc8 40. Bg4+ Kc7 41. Kf1 Nd6 42. f3 Kb6 43. Ke2 Kb5 44. Bd7 Nb7 45. Kd2 Nd8 46. Kc3 f6 47. gxf6 gxf6 48. Bf5 h6 49. Bh3 Nf7 50. Bf1+ Kb6 51. Kd3 Nd6 52. Ke3 f5 53. Bd3 f4+ 54. Kd2 Kc7 55. Ke2 Kd7 56. Kf2 Kc7 57. Ke2 Ne8 58. Bc4 Nd6 59. Bd3 Kb6 1/2-1/2

[Event "CAN-op U2000 (Pinnacle 48th CAN Op Ch)"]
[Site "Toronto CAN"]
[Date "2011.07.12"]
[Round "4"]
[White "White, Chris"]
[Black "Marks, Richard"]
[Result "0-1"]
[WhiteElo "1735"]
[BlackElo "1632"]
[PlyCount "114"]
[GameId "2160767909703706"]
[EventDate "2011.07.09"]
[EventType "swiss"]
[EventRounds "9"]
[EventCountry "CAN"]
[SourceTitle "EXT 2022"]
[Source "ChessBase"]
[SourceDate "2021.10.06"]
[SourceVersion "1"]
[SourceVersionDate "2021.10.06"]
[SourceQuality "1"]

1. d4 d5 2. Nf3 Nf6 3. c4 c6 4. Nc3 a6 5. e3 Ne4 6. Bd3 f5 7. O-O g6 8. Nd2 Bg7 9. cxd5 cxd5 10. Ndxe4 fxe4 11. Be2 Nc6 12. Qb3 e6 13. f3 exf3 14. Rxf3 Rf8 15. Bd2 Rxf3 16. Bxf3 Qg5 17. Rf1 Bf8 18. Rf2 Qd8 19. Ne2 b5 20. e4 Ne7 21. Bg5 Bb7 22. exd5 Bxd5 23. Qe3 Qd7 24. Bxe7 Bxe7 25. Nf4 O-O-O 26. Bg4 Kb8 27. Bxe6 Bxe6 28. Nxe6 Rc8 29. Rf7 Qd6 30. Qe5 Rc1+ 31. Rf1 Rxf1+ 32. Kxf1 Qxe5 33. dxe5 Kc8 34. Nf4 Kd7 35. Ke2 Kc6 36. Ke3 g5 37. Nd3 Kd5 38. g3 a5 39. a3 Bf8 40. h4 h6 41. hxg5 hxg5 42. Kf3 Kd4 43. Kg4 Kxd3 44. Kxg5 Kc2 45. b4 axb4 46. axb4 Bxb4 47. Kf6 Bc5 48. g4 b4 49. g5 b3 50. Kf7 b2 51. g6 b1=Q 52. g7 Qb7+ 53. Kg6 Qe4+ 54. Kf6 Qf4+ 55. Kg6 Qg4+ 56. Kf6 Bd4 57. Kf7 Qf5+ 0-1